[Event "Natal zt 2.4"]
[Site "Natal"]
[Date "2022.10.08"]
[Round "9"]
[White "Macedo, Alexandre Soares"]
[Black "De Almeida, Olivan Duarte"]
[Result "1-0"]
[WhiteElo "1734"]
[BlackElo "1516"]
[PlyCount "107"]
[EventDate "2022.10.03"]
[EventType "swiss"]
[EventRounds "9"]
[EventCountry "BRA"]
[SourceTitle "EXT 2024"]
[Source "ChessBase"]
[SourceDate "2023.10.10"]
[SourceVersion "1"]
[SourceVersionDate "2023.10.10"]
[SourceQuality "1"]

1. Nf3 d5 2. g3 c5 3. Bg2 Nc6 4. 0-0 e5 5. d3 Nf6 6. Nc3 a6 7. Bg5 Be7 8. Nd2 Be6 9. f4 Ng4 10. Bxe7 Nxe7 11. Qc1 Ne3 12. Rf3 d4 13. Nd1 Bd5 14. Rxe3 dxe3 15. Nxe3 Bxg2 16. Nxg2 exf4 17. gxf4 Nf5 18. c3 0-0 19. Qf1 Rc8 20. Qf2 Rc6 21. Kh1 Rh6 22. Nf3 b6 23. Rd1 Re8 24. Rd2 Qc8 25. e4 Ne7 26. Ne3 Qh3 27. Rd1 Ng6 28. f5 Ne5 29. Nxe5 Rxe5 30. Rg1 Qh4 31. Qg2 g6 32. Ng4 Re8 33. Nxh6+ Qxh6 34. Qf3 b5 35. a3 Qd2 36. Rf1 g5 37. f6 h6 38. Rf2 Qc1+ 39. Kg2 g4 40. Qxg4+ Qg5 41. Rf4 Qxg4+ 42. Rxg4+ Kf8 43. Kf3 Re6 44. Rf4 Ke8 45. Rf5 Rd6 46. Ke3 Kd7 47. h4 c4 48. d4 Rb6 49. d5 a5 50. Kd4 b4 51. axb4 axb4 52. e5 bxc3 53. bxc3 Rb8 54. Kxc4 1-0

[Event "Natal zt 2.4"]
[Site "Natal"]
[Date "2022.10.07"]
[Round "8"]
[White "Gomes, Genildo de Souza"]
[Black "Macedo, Alexandre Soares"]
[Result "1/2-1/2"]
[WhiteElo "1685"]
[BlackElo "1734"]
[PlyCount "122"]
[EventDate "2022.10.03"]
[EventType "swiss"]
[EventRounds "9"]
[EventCountry "BRA"]
[SourceTitle "EXT 2024"]
[Source "ChessBase"]
[SourceDate "2023.10.10"]
[SourceVersion "1"]
[SourceVersionDate "2023.10.10"]
[SourceQuality "1"]

1. d4 c5 2. c3 Nf6 3. Nf3 cxd4 4. cxd4 g6 5. Nc3 Bg7 6. e4 0-0 7. Be2 a6 8. h3 b5 9. e5 Ne8 10. a3 Bb7 11. 0-0 d6 12. Qb3 Nc6 13. Rd1 Qc7 14. e6 f5 15. d5 Ne5 16. Bf4 Nxf3+ 17. Bxf3 Rc8 18. Rac1 Qb8 19. a4 bxa4 20. Nxa4 Nf6 21. Nc5 Ba8 22. Qxb8 Rxb8 23. Nxa6 Rxb2 24. Nc7 Rb7 25. Nxa8 Rxa8 26. Rc6 h6 27. Rdc1 Ne8 28. Rc8 Rbb8 29. Rxb8 Rxb8 30. h4 Bf6 31. Bxh6 Bxh4 32. g4 fxg4 33. Bxg4 Bf6 34. f4 Ra8 35. Bg5 Kg7 36. Kg2 Ra4 37. Kg3 Ra3+ 38. Kh4 Rd3 39. Rc8 Bxg5+ 40. fxg5 Kf8 41. Be2 Rxd5 42. Rb8 Rd4+ 43. Kg3 Re4 44. Bb5 Rxe6 45. Rxe8+ Kg7 46. Bc4 Re5 47. Kf4 Rf5+ 48. Ke4 Re5+ 49. Kd4 Rxg5 50. Rxe7+ Kh6 51. Re6 Kh5 52. Rxd6 Kh4 53. Bd3 Rg4+ 54. Ke3 g5 55. Rh6+ Kg3 56. Be2 Rf4 57. Rg6 Kh4 58. Kd2 Rf5 59. Ke1 Kg3 60. Kd1 Kg2 61. Kd2 Kf2 1/2-1/2

[Event "BRA-ch Seniors 65"]
[Site "Joao Pessoa"]
[Date "2022.08.19"]
[Round "1"]
[White "Macedo, Alexandre Soares"]
[Black "Pereira, Francisco Neris"]
[Result "0-1"]
[WhiteElo "1753"]
[BlackElo "1566"]
[PlyCount "42"]
[EventDate "2022.08.19"]
[EventType "swiss"]
[EventRounds "5"]
[EventCountry "BRA"]
[SourceTitle "CBM 210 Extra"]
[Source "ChessBase"]
[SourceDate "2022.11.30"]
[SourceVersion "1"]
[SourceVersionDate "2022.11.30"]
[SourceQuality "1"]

1. b4 e5 2. b5 d5 3. e3 Nf6 4. Bb2 d4 5. exd4 exd4 6. h3 Bc5 7. Bd3 0-0 8. Ne2 Re8 9. 0-0 b6 10. Nf4 Bb7 11. Nh5 Nbd7 12. c4 Ne5 13. Be2 d3 14. Nxf6+ Qxf6 15. Bg4 Qf4 16. Bxe5 Qxe5 17. Nc3 c6 18. Qf3 Qc7 19. Qxd3 Rad8 20. Qc2 cxb5 21. Nxb5 Qg3 0-1

[Event "Joao Pessoa de Assis Memorial 1st"]
[Site "Joao Pessoa"]
[Date "2019.11.17"]
[Round "5"]
[White "Canonico, Rodrigo"]
[Black "Macedo, Alexandre Soares"]
[Result "1/2-1/2"]
[WhiteElo "1687"]
[BlackElo "1866"]
[PlyCount "75"]
[EventDate "2019.11.15"]
[EventType "swiss"]
[EventRounds "6"]
[EventCountry "BRA"]
[SourceTitle "EXT 2021"]
[Source "ChessBase"]
[SourceDate "2020.10.23"]
[SourceVersion "1"]
[SourceVersionDate "2020.10.23"]
[SourceQuality "1"]

1. e4 c5 2. d4 cxd4 3. c3 dxc3 4. Nxc3 Nc6 5. Nf3 a6 6. Bc4 e6 7. 0-0 d6 8. Qe2 Be7 9. Rd1 Qc7 10. Bf4 Ne5 11. Bb3 Nf6 12. Rac1 Qb8 13. Na4 b5 14. Rxc8+ Qxc8 15. Nb6 Qb7 16. Nxa8 Nxf3+ 17. Qxf3 e5 18. Bg5 Qxa8 19. Bxf6 gxf6 20. Bd5 Qc8 21. Qh5 Rf8 22. Qxh7 Qc2 23. Qh5 Bd8 24. Re1 Bb6 25. Qf3 Ke7 26. b4 Rc8 27. h4 Qd2 28. Rf1 Qh6 29. Qg4 Rc1 30. g3 Rc3 31. Bxf7 Kxf7 32. Qd7+ Kg8 33. Qe6+ Kg7 34. Qe7+ Kg6 35. Qe8+ Kg7 36. Qe7+ Kg6 37. Qe8+ Kg7 38. Qe7+ 1/2-1/2

[Event "Joao Pessoa de Assis Memorial 1st"]
[Site "Joao Pessoa"]
[Date "2019.11.16"]
[Round "3"]
[White "De Oliveira, Victor Matheus Melo"]
[Black "Macedo, Alexandre Soares"]
[Result "0-1"]
[WhiteElo "1514"]
[BlackElo "1866"]
[PlyCount "86"]
[EventDate "2019.11.15"]
[EventType "swiss"]
[EventRounds "6"]
[EventCountry "BRA"]
[SourceTitle "CBM 193 Extra"]
[Source "ChessBase"]
[SourceDate "2020.01.31"]
[SourceVersion "1"]
[SourceVersionDate "2020.01.31"]
[SourceQuality "1"]

1. f4 e5 2. e4 exf4 3. Nf3 g5 4. Nc3 Bg7 5. Bc4 g4 6. 0-0 d6 7. d3 Be6 8. Nd2 h5 9. Nd5 g3 10. Qf3 gxh2+ 11. Kh1 Nc6 12. Nxf4 Ne5 13. Nxe6 fxe6 14. Qg3 Qe7 15. Nf3 Ng4 16. Bg5 Bf6 17. Bxf6 N8xf6 18. Qh4 Ne3 19. Rf2 Nfg4 20. Qxe7+ Kxe7 21. Re2 Nxc4 22. dxc4 Raf8 23. Nxh2 Ne5 24. b3 Rh7 25. Rf1 Rhf7 26. Kg1 Rxf1+ 27. Nxf1 Ng4 28. Ne3 Rf4 29. Nxg4 hxg4 30. Kh2 Kf6 31. Kg3 e5 32. Rf2 Kg5 33. Rxf4 exf4+ 34. Kf2 Kf6 35. g3 f3 36. Ke3 Ke5 37. c3 c6 38. a3 b6 39. b4 a6 40. a4 c5 41. a5 bxa5 42. b5 axb5 43. cxb5 Ke6 0-1

[Event "Joao Pessoa de Assis Memorial 1st"]
[Site "Joao Pessoa"]
[Date "2019.11.16"]
[Round "4"]
[White "Macedo, Alexandre Soares"]
[Black "Rocha, Vitor Firmo de Souz"]
[Result "0-1"]
[WhiteElo "1866"]
[BlackElo "2187"]
[PlyCount "73"]
[EventDate "2019.11.15"]
[EventType "swiss"]
[EventRounds "6"]
[EventCountry "BRA"]
[SourceTitle "CBM 193 Extra"]
[Source "ChessBase"]
[SourceDate "2020.01.31"]
[SourceVersion "1"]
[SourceVersionDate "2020.01.31"]
[SourceQuality "1"]

1. b4 e5 2. Bb2 f6 3. a3 d5 4. e3 Be6 5. Nf3 Bd6 6. d3 Ne7 7. e4 c6 8. c4 Nd7 9. Nc3 d4 10. Nb1 c5 11. b5 0-0 12. Be2 Ng6 13. g3 f5 14. exf5 Bxf5 15. Nbd2 Nf6 16. Ng5 Qd7 17. Nde4 h6 18. Nxf6+ Rxf6 19. Ne4 Bxe4 20. dxe4 Raf8 21. 0-0 Qf7 22. f3 Bc7 23. Bc1 Ba5 24. Ra2 Bc3 25. Qd3 Kh8 26. Bd1 Ne7 27. f4 exf4 28. gxf4 Ng6 29. Raf2 Ne5 30. Qg3 d3 31. Be3 Nxc4 32. Bxc5 Rd8 33. Kh1 Nd2 34. Rxd2 Bxd2 35. f5 Bc3 36. Be3 Qc4 37. Qh4 0-1

[Event "Natal Potiguar op 11th"]
[Site "Natal"]
[Date "2019.06.08"]
[Round "4"]
[White "Torres, Douglas da Silva"]
[Black "Macedo, Alexandre Soares"]
[Result "0-1"]
[WhiteElo "2130"]
[BlackElo "1851"]
[PlyCount "98"]
[EventDate "2019.06.07"]
[EventType "swiss"]
[EventRounds "6"]
[EventCountry "BRA"]
[SourceTitle "EXT 2020"]
[Source "ChessBase"]
[SourceDate "2019.10.17"]
[SourceVersion "1"]
[SourceVersionDate "2019.10.17"]
[SourceQuality "1"]

1. c4 e5 2. g3 b6 3. Bg2 Nc6 4. Nc3 Bb7 5. Nf3 d6 6. 0-0 Nf6 7. d4 Nxd4 8. Nxd4 Bxg2 9. Ne6 fxe6 10. Kxg2 Qd7 11. Bg5 Be7 12. e4 0-0 13. Rc1 Rf7 14. f3 Raf8 15. Qe2 h6 16. Be3 Nh7 17. Rcd1 Qc8 18. b4 c6 19. Rc1 Qb7 20. Bd2 Bg5 21. h4 Bxd2 22. Qxd2 Rd7 23. Qe2 Re8 24. Rfd1 d5 25. exd5 exd5 26. b5 d4 27. bxc6 Qxc6 28. Ne4 Nf6 29. Nxf6+ Qxf6 30. c5 bxc5 31. Rxc5 Qe6 32. Qc4 Qxc4 33. Rxc4 Red8 34. Rc5 Rd5 35. Rc7 R8d7 36. Rc8+ Kf7 37. Kf2 R5d6 38. Rc5 Kf6 39. Ra5 g5 40. hxg5+ hxg5 41. Rh1 Kf5 42. g4+ Kf6 43. Re1 Rd5 44. Ra6+ Kf7 45. Rc6 Kg7 46. Rec1 Ra5 47. R1c2 d3 48. Rd2 Rad5 49. a4 a5 0-1

[Event "Norte Nordeste-ch Amateur U2200"]
[Site "Fortaleza"]
[Date "2019.04.26"]
[Round "1"]
[White "Macedo, Alexandre Soares"]
[Black "Palacio, Igor Da Paz"]
[Result "0-1"]
[WhiteElo "1878"]
[BlackElo "2121"]
[PlyCount "74"]
[EventDate "2019.04.26"]
[EventType "swiss"]
[EventRounds "6"]
[EventCountry "BRA"]
[SourceTitle "EXT 2020"]
[Source "ChessBase"]
[SourceDate "2019.10.17"]
[SourceVersion "1"]
[SourceVersionDate "2019.10.17"]
[SourceQuality "1"]

1. b4 Nf6 2. Bb2 e6 3. a3 a5 4. b5 b6 5. e3 Bb7 6. Nf3 d6 7. Be2 Be7 8. 0-0 0-0 9. d3 e5 10. Nbd2 Nbd7 11. Nh4 g6 12. Bf3 d5 13. g3 Ne8 14. Ng2 f5 15. e4 dxe4 16. dxe4 Nd6 17. exf5 e4 18. fxg6 exf3 19. gxh7+ Kxh7 20. Re1 Bf6 21. Bxf6 Qxf6 22. Nf4 Rae8 23. Nxf3 Rxe1+ 24. Nxe1 Ne5 25. Qh5+ Kg7 26. Rd1 Rh8 27. Qe2 Qf5 28. f3 Re8 29. Qf2 Ndf7 30. Neg2 Nxf3+ 31. Kh1 N7g5 32. Qf1 Nh3 33. Rd3 Re1 34. Rxf3 Rxf1+ 35. Rxf1 Qxc2 36. Ne6+ Kg6 37. Nf8+ Kh6 0-1

[Event "Joao Pessoa Fischer Memorial 10th"]
[Site "Joao Pessoa"]
[Date "2019.03.30"]
[Round "3"]
[White "Macedo, Alexandre Soares"]
[Black "Sallaberry, Ana Paula Nogueira"]
[Result "1-0"]
[WhiteElo "1878"]
[BlackElo "1598"]
[PlyCount "63"]
[EventDate "2019.03.29"]
[EventType "swiss"]
[EventRounds "6"]
[EventCountry "BRA"]
[SourceTitle "CBM 190 Extra"]
[Source "ChessBase"]
[SourceDate "2019.07.15"]
[SourceVersion "1"]
[SourceVersionDate "2019.07.15"]
[SourceQuality "1"]

1. b4 d5 2. Bb2 Nf6 3. a3 e6 4. Nf3 c5 5. b5 a6 6. a4 Bd7 7. e3 axb5 8. axb5 Rxa1 9. Bxa1 Bd6 10. c4 dxc4 11. Bxc4 0-0 12. Qc2 h6 13. h4 Nd5 14. g4 f5 15. gxf5 Rxf5 16. Rg1 Bf8 17. Qe4 Qe8 18. Nc3 Qf7 19. Ne5 Nxc3 20. Bxc3 Rxe5 21. Qxe5 Nc6 22. bxc6 bxc6 23. f4 Kh8 24. Bd3 Qe7 25. Rg4 Qf7 26. Rg6 Kg8 27. Rxh6 Bd6 28. Qg5 Be7 29. Qg3 Be8 30. Bg6 Qf8 31. Bxe8 Bxh4 32. Rxh4 1-0

[Event "Joao Pessoa Fischer Memorial 10th"]
[Site "Joao Pessoa"]
[Date "2019.03.30"]
[Round "4"]
[White "Zallio, Luciano de Souza"]
[Black "Macedo, Alexandre Soares"]
[Result "1-0"]
[WhiteElo "2280"]
[BlackElo "1878"]
[PlyCount "69"]
[EventDate "2019.03.29"]
[EventType "swiss"]
[EventRounds "6"]
[EventCountry "BRA"]
[SourceTitle "CBM 190 Extra"]
[Source "ChessBase"]
[SourceDate "2019.07.15"]
[SourceVersion "1"]
[SourceVersionDate "2019.07.15"]
[SourceQuality "1"]

1. e4 c6 2. c4 e5 3. Nc3 d6 4. Nge2 Be6 5. d3 Nd7 6. g3 Be7 7. Bg2 Ngf6 8. 0-0 a5 9. h3 h5 10. Rb1 Nf8 11. a3 Qc8 12. Kh2 Bd7 13. f4 g6 14. d4 Qc7 15. b4 axb4 16. axb4 Rd8 17. Qb3 Rh7 18. c5 Bc8 19. d5 cxd5 20. exd5 Bf5 21. fxe5 dxe5 22. d6 Bxd6 23. cxd6 Qb6 24. Bg5 Ng4+ 25. hxg4 hxg4+ 26. Bh4 Bxb1 27. Nd5 Qxd6 28. Nf6+ Qxf6 29. Rxf6 Bd3 30. Nc1 Nd7 31. Rd6 Bf5 32. Kg1 Rb8 33. Nd3 e4 34. Nc5 Ne5 35. Qd5 1-0

[Event "Potiguar-ch sf"]
[Site "Natal"]
[Date "2018.12.01"]
[Round "3"]
[White "Macedo, Alexandre Soares"]
[Black "Rocha, Vitor Firmo de Souz"]
[Result "0-1"]
[WhiteElo "1882"]
[BlackElo "2174"]
[PlyCount "116"]
[EventDate "2018.11.30"]
[EventType "swiss"]
[EventRounds "5"]
[EventCountry "BRA"]
[SourceTitle "EXT 2021"]
[Source "ChessBase"]
[SourceDate "2020.10.23"]
[SourceVersion "1"]
[SourceVersionDate "2020.10.23"]
[SourceQuality "1"]

1. b4 e5 2. Bb2 f6 3. a3 d5 4. e3 Be6 5. d3 Bd6 6. c4 c6 7. Nd2 Ne7 8. Be2 0-0 9. Ngf3 Nd7 10. 0-0 Ng6 11. Re1 f5 12. e4 fxe4 13. dxe4 d4 14. c5 Bc7 15. Bc4 Qe7 16. Qb3 Bf7 17. a4 a5 18. Rac1 axb4 19. Bxf7+ Qxf7 20. Qxb4 Ba5 21. Qc4 Qxc4 22. Rxc4 Nf4 23. Rf1 Nd3 24. Ba3 Rf6 25. Nb3 Bc3 26. Rd1 Nf4 27. Kf1 Raf8 28. Rxc3 dxc3 29. Rxd7 Nxg2 30. Rd3 Rxf3 31. Rxf3 Rxf3 32. Kxg2 Rd3 33. Nc1 Rd4 34. Ne2 Rxa4 35. Bc1 Rxe4 36. Kf3 Rc4 37. Be3 Kf7 38. Nc1 Ke6 39. Ke2 e4 40. Kd1 c2+ 41. Kd2 Kf5 42. Ne2 Kg4 43. Kc1 Kh3 44. Ng3 Kxh2 45. Nf1+ Kg2 46. Nd2 Ra4 47. Kxc2 h5 48. Kb3 Ra8 49. Nxe4 h4 50. Kc3 h3 51. Bd4 h2 52. Ng3 Ra3+ 53. Kb4 Rxg3 54. fxg3 h1Q 55. Bxg7 Kxg3 56. Be5+ Kg4 57. Bd6 Kf5 58. Kc4 Ke4 0-1

[Event "Potiguar-ch sf"]
[Site "Natal"]
[Date "2018.11.30"]
[Round "1"]
[White "Macedo, Alexandre Soares"]
[Black "Branco, Isabele Soares"]
[Result "1-0"]
[WhiteElo "1882"]
[BlackElo "1071"]
[PlyCount "69"]
[EventDate "2018.11.30"]
[EventType "swiss"]
[EventRounds "5"]
[EventCountry "BRA"]
[SourceTitle "EXT 2021"]
[Source "ChessBase"]
[SourceDate "2020.10.23"]
[SourceVersion "1"]
[SourceVersionDate "2020.10.23"]
[SourceQuality "1"]

1. b4 e5 2. Bb2 Bd6 3. b5 a6 4. a4 c6 5. c4 Bc7 6. e3 d6 7. Be2 Nf6 8. Nc3 Be6 9. Nf3 d5 10. Ng5 Ne4 11. Nxe6 fxe6 12. Nxe4 dxe4 13. Qc2 0-0 14. Qxe4 axb5 15. axb5 Nd7 16. Rxa8 Qxa8 17. 0-0 cxb5 18. cxb5 Nc5 19. Qc4 b6 20. d4 exd4 21. exd4 Qe4 22. dxc5 Qxc4 23. Bxc4 bxc5 24. Bxe6+ Kh8 25. Rd1 h5 26. Rd7 Rd8 27. Bxg7+ Kh7 28. Bc3+ Rxd7 29. Bxd7 c4 30. Bd4 Ba5 31. b6 c3 32. b7 Kh6 33. b8Q c2 34. Qh8+ Kg5 35. Qf6# 1-0

[Event "Rio Grande do Norte zt"]
[Site "Natal"]
[Date "2018.09.08"]
[Round "3"]
[White "Macedo, Alexandre Soares"]
[Black "De Lima, Theo Magalhaes"]
[Result "1-0"]
[WhiteElo "1901"]
[BlackElo "1208"]
[PlyCount "67"]
[EventDate "2018.09.07"]
[EventType "swiss"]
[EventRounds "5"]
[EventCountry "BRA"]
[SourceTitle "CBM 187 Extra"]
[Source "ChessBase"]
[SourceDate "2018.11.04"]
[SourceVersion "1"]
[SourceVersionDate "2018.11.04"]
[SourceQuality "1"]

1. b4 f5 2. Bb2 e6 3. a3 Nf6 4. d3 Be7 5. Nd2 b6 6. g3 Bb7 7. Ngf3 0-0 8. Bg2 Qe8 9. 0-0 Qh5 10. e3 Ng4 11. h3 Nf6 12. Ne5 Qxd1 13. Raxd1 Bxg2 14. Kxg2 d6 15. Nef3 Nbd7 16. d4 a5 17. b5 Rae8 18. Ng5 Bd8 19. f4 h6 20. Ngf3 Re7 21. c4 Rfe8 22. Rfe1 e5 23. dxe5 dxe5 24. Nxe5 Nxe5 25. Bxe5 Rd7 26. Nf3 Rxd1 27. Rxd1 Be7 28. a4 Bc5 29. Rd3 Kf7 30. Bd4 Rd8 31. Ne5+ Ke8 32. Kf3 Nd7 33. Nc6 Rc8 34. Bxg7 1-0

[Event "Joao Pessoa Fischer Memorial 9th"]
[Site "Joao Pessoa"]
[Date "2018.03.18"]
[Round "5"]
[White "Da Silva Tomaz, Luiz Antonio"]
[Black "Macedo, Alexandre Soares"]
[Result "1-0"]
[WhiteElo "2097"]
[BlackElo "1902"]
[PlyCount "43"]
[EventDate "2018.03.16"]
[EventType "swiss"]
[EventRounds "6"]
[EventCountry "BRA"]
[SourceTitle "CBM 183 Extra"]
[Source "ChessBase"]
[SourceDate "2018.04.19"]
[SourceVersion "1"]
[SourceVersionDate "2018.04.19"]
[SourceQuality "1"]

1. e4 c6 2. d4 d5 3. exd5 cxd5 4. c4 Nf6 5. Nc3 e6 6. Nf3 Be7 7. Bd3 0-0 8. 0-0 Re8 9. c5 Nbd7 10. Re1 Nf8 11. Ne5 N6d7 12. Bf4 Nxe5 13. Bxe5 Bf6 14. Nb5 Bxe5 15. Rxe5 Re7 16. Re3 a6 17. Nc3 Bd7 18. Qh5 Be8 19. Bxh7+ Nxh7 20. Rh3 f6 21. Qxh7+ Kf7 22. Rg3 1-0

[Event "Natal Potiguar-ch"]
[Site "Natal"]
[Date "2018.01.28"]
[Round "9"]
[White "Macedo, Alexandre Soares"]
[Black "Frankental, David"]
[Result "0-1"]
[WhiteElo "1871"]
[BlackElo "1937"]
[PlyCount "54"]
[EventDate "2018.01.19"]
[EventType "tourn"]
[EventRounds "9"]
[EventCountry "BRA"]
[SourceTitle "CBM 182 Extra"]
[Source "ChessBase"]
[SourceDate "2018.02.23"]
[SourceVersion "1"]
[SourceVersionDate "2018.02.23"]
[SourceQuality "1"]

1. b4 d5 2. Bb2 Nf6 3. Nf3 b6 4. e3 Bb7 5. Be2 e6 6. a3 c5 7. b5 Bd6 8. d3 Nbd7 9. Nbd2 Qc7 10. c4 a6 11. a4 axb5 12. axb5 0-0 13. 0-0 Rxa1 14. Bxa1 Ra8 15. Qc2 Ra7 16. Bb2 Qb8 17. Rb1 Qa8 18. Ne1 Ra2 19. Bf1 Ne5 20. Be2 Ng6 21. Qc1 Be5 22. d4 Bd6 23. Ra1 Rxa1 24. Qxa1 Qxa1 25. Bxa1 Kf8 26. f3 cxd4 27. Bxd4 Bb4 0-1

[Event "Potiguar-ch Interiorano"]
[Site "Parnamirim"]
[Date "2018.01.14"]
[Round "5.4"]
[White "Macedo, Alexandre Soares"]
[Black "De Oliveira, Luiz Carlos"]
[Result "1-0"]
[WhiteElo "1871"]
[BlackElo "1420"]
[PlyCount "34"]
[EventDate "2018.01.12"]
[EventType "swiss"]
[EventRounds "5"]
[EventCountry "BRA"]
[SourceTitle "EXT 2022"]
[Source "ChessBase"]
[SourceDate "2021.10.06"]
[SourceVersion "1"]
[SourceVersionDate "2021.10.06"]
[SourceQuality "1"]

1. b4 d5 2. Bb2 Nf6 3. Nf3 g6 4. e3 Bg7 5. c4 c6 6. Be2 0-0 7. 0-0 Re8 8. Qc2 Nfd7 9. d3 e5 10. Nbd2 d4 11. exd4 exd4 12. Nxd4 Ne5 13. N2f3 Qd6 14. c5 Qd5 15. Rfe1 Nxf3+ 16. Bxf3 Qd7 17. Rxe8+ Qxe8 1-0

[Event "Potiguar-ch Interiorano"]
[Site "Parnamirim"]
[Date "2018.01.13"]
[Round "2.4"]
[White "Macedo, Alexandre Soares"]
[Black "Marques, Dayvid Geverson Lop"]
[Result "1-0"]
[WhiteElo "1871"]
[BlackElo "1531"]
[PlyCount "65"]
[EventDate "2018.01.12"]
[EventType "swiss"]
[EventRounds "5"]
[EventCountry "BRA"]
[SourceTitle "EXT 2022"]
[Source "ChessBase"]
[SourceDate "2021.10.06"]
[SourceVersion "1"]
[SourceVersionDate "2021.10.06"]
[SourceQuality "1"]

1. b4 e5 2. Bb2 Bxb4 3. Bxe5 Nf6 4. Nf3 0-0 5. e3 d5 6. Be2 Bf5 7. 0-0 Nbd7 8. a3 Ba5 9. Bb2 Re8 10. Nh4 Be6 11. f4 Nc5 12. Nf3 Nce4 13. d3 Nd6 14. Ne5 Nf5 15. Bc1 Bb6 16. d4 c5 17. c3 cxd4 18. exd4 Rc8 19. Bd3 Ba5 20. Bd2 Bb6 21. Kh1 Re7 22. g4 Nd6 23. f5 Bd7 24. g5 Nfe4 25. f6 gxf6 26. gxf6 Re8 27. Qh5 Be6 28. Bh6 Ba5 29. Ra2 Bxc3 30. Rg2+ Kh8 31. Bg7+ Kg8 32. Bf8+ Kh8 33. Qh6 1-0

[Event "Natal Regiion-ch sf"]
[Site "Natal"]
[Date "2017.11.03"]
[Round "4"]
[White "Guara Neto, Argemiro Braga"]
[Black "Macedo, Alexandre Soares"]
[Result "1-0"]
[WhiteElo "2056"]
[BlackElo "1874"]
[PlyCount "125"]
[EventDate "2017.11.02"]
[EventType "swiss"]
[EventRounds "7"]
[EventCountry "BRA"]
[SourceTitle "CBM 181 Extra"]
[Source "ChessBase"]
[SourceDate "2017.12.12"]
[SourceVersion "1"]
[SourceVersionDate "2017.12.12"]
[SourceQuality "1"]

1. e4 c6 2. d4 d5 3. exd5 cxd5 4. Bd3 Nc6 5. c3 Nf6 6. Bg5 Bg4 7. f3 Bh5 8. Ne2 Bg6 9. 0-0 Bxd3 10. Qxd3 e6 11. Nd2 Be7 12. Ng3 0-0 13. Rfe1 h6 14. Be3 Nh7 15. Rac1 Re8 16. f4 Nf6 17. h3 Bd6 18. Nf3 Rc8 19. Ne5 Re7 20. Bd2 Rec7 21. Qf3 Ne8 22. Qh5 Nf6 23. Qf3 Re7 24. f5 Qc7 25. Bf4 Rce8 26. Kh1 Kh7 27. Re3 g5 28. fxg6+ fxg6 29. Bxh6 Kxh6 30. Qxf6 Bxe5 31. dxe5 Rf7 32. Qh4+ Kg7 33. Qg5 Rh8 34. Rf1 Rxf1+ 35. Nxf1 Qf7 36. Rf3 Qe7 37. Rf6 Rh6 38. Ne3 Nxe5 39. Ng4 Rh5 40. Rxg6+ Nxg6 41. Qxh5 Qh4 42. Qxh4 Nxh4 43. Kg1 Nf5 44. Kf2 Kf7 45. Kf3 Ke7 46. Kf4 Kd6 47. g3 Ne7 48. h4 b5 49. h5 a5 50. Kg5 Nf5 51. h6 Nxh6 52. Kxh6 e5 53. Ne3 Kc5 54. g4 b4 55. g5 d4 56. cxd4+ Kxd4 57. Nf5+ Kd3 58. g6 Kc2 59. g7 Kxb2 60. g8Q a4 61. Qa8 b3 62. Qxa4 bxa2 63. Qb4+ 1-0

[Event "Natal Regiion-ch sf"]
[Site "Natal"]
[Date "2017.11.02"]
[Round "1"]
[White "Macedo, Alexandre Soares"]
[Black "Rocha, Vitor Firmo de Souz"]
[Result "0-1"]
[WhiteElo "1874"]
[BlackElo "2177"]
[PlyCount "52"]
[EventDate "2017.11.02"]
[EventType "swiss"]
[EventRounds "7"]
[EventCountry "BRA"]
[SourceTitle "CBM 181 Extra"]
[Source "ChessBase"]
[SourceDate "2017.12.12"]
[SourceVersion "1"]
[SourceVersionDate "2017.12.12"]
[SourceQuality "1"]

1. b4 e5 2. Bb2 Bxb4 3. Bxe5 Nf6 4. Nf3 d5 5. e3 0-0 6. a3 Ba5 7. c4 Nc6 8. Bb2 Re8 9. Be2 Bg4 10. cxd5 Nxd5 11. 0-0 Qd6 12. Qa4 Bd7 13. Qh4 Re6 14. Bc4 Rg6 15. Nc3 Bxc3 16. dxc3 Rg4 17. Qxg4 Bxg4 18. Rad1 Bxf3 19. gxf3 Qg6+ 20. Kh1 Nb6 21. Rg1 Nxc4 22. Rxg6 hxg6 23. Bc1 Rd8 24. Rg1 Rd3 25. Kg2 Rxc3 26. f4 N6a5 0-1